Kadra Legii Warszawa 2024 - Statystyki

Ogólne statystyki
  • Ten quiz został rozwiązany 55 razy
  • Średni wynik to 14 z 29
Statystyki odpowiedzi
Pozycja Zawodnik % Poprawnych
Bramkarz Kacper Tobiasz
98%
Środkowy Pomocnik Ofensywny Josue
76%
Środkowy Obrońca Artur Jędrzejczyk
73%
Prawy Pomocnik Paweł Wszołek
73%
Bramkarz Dominik Hładun
71%
Środkowy Napastnik Marc Gual
71%
Środkowy Napastnik Tomas Pekhart
71%
Środkowy Pomocnik Ofensywny Bartosz Kapustka
69%
Środkowy Obrońca Radovan Pankov
69%
Prawy Pomocnik Ryoya Morishita
62%
Środkowy Obrońca Steve Kapuadi
60%
Środkowy Napastnik Maciej Rosołek
56%
Lewy Pomocnik Patryk Kun
53%
Środkowy Pomocnik Jurgen Elitim
51%
Środkowy Pomocnik Rafał Augustyniak
51%
Lewy Obrońca Yuri Ribeiro
47%
Środkowy Napastnik Blaz Kramer
42%
Środkowy Obrońca Jan Ziółkowski
42%
Bramkarz Jakub Zieliński
36%
Środkowy Pomocnik Jurgen Celhaka
36%
Lewy Pomocnik Gil Dias
33%
Środkowy Obrońca Marco Burch
33%
Środkowy Pomocnik Ofensywny Wojciech Urbański
33%
Środkowy Pomocnik Qendrim Zyba
29%
Środkowy Pomocnik Filip Rejczyk
24%
Prawy Pomocnik Ramil Mustafaev
13%
Środkowy Pomocnik Ofensywny Jakub Adkonis
9%
Bramkarz Wojciech Banasik
9%
Środkowy Pomocnik Jakub Żewłakow
7%
Nie znaleziono quizów pasujących do podanych kryteriów
Rozkład punktacji
Procent ludzi z każdym wynikiem
Percentyl według liczby udzielonych odpowiedzi
Twoja historia wyników
Nie rozwiązałeś tego quizu